000 02223nam a22003015i 4500
001 in00024395004
005 20260410051430.0
008 260107s2026 nyu 000 0 eng
010 _a 2026930344
020 _a9780198959090
_q(hardback)
040 _aDLC
_beng
_erda
_cDLC
042 _apcc
082 _a346.072 BRI
100 1 _aBridge, Michael,
245 1 4 _aThe sale of goods /
_cM G Bridge.
250 _a5th.
263 _a2602
264 1 _aNew York :
_bOxford university press,
_c2026.
300 _acvi, 848 pages;
_c25 cm.
336 _atext
_btxt
_2rdacontent
365 _bRs. 36830.00
505 _a1:Introduction and Conclusion of the Contract - 2:Definition and Subject Matter of the Sale of Goods Contract - 3:The Passing of Property - 4:Risk, Mistake, and Frustration - 5:The Seller's Duty and Power to Transfer Title - 6:Delivery, Acceptance, and Payment - 7:The Implied Terms of Description, Fitness, and Quality - 8:Other Liabilities of the Seller and Liabilities of Third Parties - 9:Unfair Contract Terms - 10:Termination of the Contract for Breach - 11:The Remedies of the Seller and the Buyer I - 12:The Remedies of the Seller and the Buyer II.
520 _a"This chapter divides into two unequal parts. The first part deals with the seller's contractual duty to ensure that the buyer obtaining the property in the goods receives the best title as against all other possible claimants. Exceptionally, the parties may agree a limited title sale but may not exclude the seller's duty. The seller also has duties concerning the buyer's quiet possession and freedom from encumbrances affecting the goods. The second part deals with the power of the seller to give the buyer the best possible title. It starts with the rule that a seller can transfer no better title than it has before turning to common law exceptions (apparent authority and apparent ownership) and statutory exceptions, notably, voidable title, mercantile agency, seller in possession, buyer in possession and hire purchase legislation"--
_cProvided by publisher.
650 _aSale of Goods
906 _a0
_bibc
_corignew
_d2
_eepcn
_f20
_gy-gencatlg
942 _2ddc
_cBK
999 _c217933
_d217933